Piłkarze RC Lens - nagła śmierć - Statystyki

Ogólne statystyki
  • Ten quiz został rozwiązany 74 razy
  • Średni wynik to 6 z 10
Answers on the Grid
Answers color-coded by a green-red scale on the quiz's grid according to % correct below.
Przemyslaw Frankowski
Arkadiusz Milik
Marcin Bułka
Adam Buksa
Yaya Touré
Raphaël Varane
Aurélien Tchouaméni
Diego Forlán
Arnaud Kalimuendo
Loïs Openda
Sergio Agüero
Seko Fofana
Jakub Błaszczykowski
Cheick Doucouré
Marouane Chamakh
Seydou Keita
Danijel Subašić
Antonio Rüdiger
Loïc Rémy
Benoît Assou-Ekotto
 
Statystyki odpowiedzi
Odpowiedź % Poprawnych
Przemyslaw Frankowski
98%
Adam Buksa
72%
Seko Fofana
70%
Loïs Openda
67%
Benoît Assou-Ekotto
58%
Arnaud Kalimuendo
50%
Cheick Doucouré
44%
Raphaël Varane
44%
Seydou Keita
41%
Loïc Rémy
39%
Nie znaleziono quizów pasujących do podanych kryteriów
Rozkład punktacji
Procent ludzi z każdym wynikiem
Percentyl według liczby udzielonych odpowiedzi
Twoja historia wyników
Nie rozwiązałeś tego quizu